Great Literature #52 - Statistics

General Stats
  • This quiz has been taken 39 times
  • The average score is 6 of 20
Answer Stats
Hint Explanation Answer % Correct
Death of a Salesman 1949 Arthur Miller
97%
Don Juan 1819–1824, published serially Lord Byron
77%
The Innocence of Father Brown 1911 G. K. Chesterton
47%
Cairo Trilogy 1956-1957, trilogy published serially (الثلاثية) Naguib Mahfouz
37%
The Crime of Father Amaro 1875 (O Crime do Padre Amaro: cenas da vida devota) Eça de Queirós
33%
Parable of the Sower 1993 Octavia E. Butler
30%
Burger’s Daughter 1979 Nadine Gordimer
27%
Absolute Beginners 1959 Colin MacInnes
23%
Waiting for the Barbarians 1904 (Περιμένοντας τοὺς Bαρβάρους) C. P. Cavafy
23%
The Manuscript Found in Saragossa 1805 (Manuscrit trouvé à Saragosse) Jan Potocki
20%
The Tiger Who Came to Tea 1968 Judith Kerr
20%
Billy Liar 1959 Keith Waterhouse
20%
The Blind Owl 1937 (بوف کور) Ṣādiq Hidāyat
17%
The Summer Book 1972 (Sommarboken) Tove Jansson
17%
Here Is New York 1948 E. B. White
13%
The Mediterranean and the Mediterranean World in the Age of Philip II 1947 (La Méditerranée et le monde méditerranéen à l'époque de Philippe II) Fernand Braudel
13%
Requiem for a Dream 1978 Hubert Selby Jr.
13%
The Machiavellians 1943 James Burnham
13%
Adlestrop 1917 Edward Thomas
10%
The Sleepwalkers 1930-1932, published serially (Die Schlafwandler) Hermann Broch
10%
No matching quizzes found
Score Distribution
Percent of People with Each Score
Percentile by Number Answered
Your Score History
You have not taken this quiz